Les chansons des Beatles en I - Statistiques

Statistiques générales
  • Ce quiz a été pris 77 fois
  • Le résultat moyen est 9 sur 35
Statistiques - réponses
Parution Titre % Correct
Rubber Soul In My Life
63%
Magical Mystery Tour I Am the Walrus
53%
Abbey Road I Want You (She's so Heavy)
52%
Single I Want to Hold Your Hand
50%
Please Please Me I Saw Her Standing There
48%
A Hard Day's Night If I Fell
45%
Let It Be I Me Mine
45%
Single I Feel Fine
37%
Revolver I'm Only Sleeping
35%
Help! I Need You
35%
The Beatles I Will
35%
Let it Be I've Got a Feeling
32%
Beatles For Sale I'm a Loser
31%
A Hard Day's Night I Should Have Known Better
31%
A Hard Day's Night I'll Be Back
27%
Rubber Soul If I Needed Someone
24%
A Hard Day's Night I'll Cry Instead
24%
Help! It's Only Love
24%
Beatles for Sale I'll Follow the Sun
21%
A Hard Day's Night I'm Happy Just to Dance with You
21%
With the Beatles It Won't Be Long
21%
Single I'm Down
19%
Yellow Submarine It's All Too Much
19%
Beatles For Sale I Don't Want to Spoil the Party
18%
Help! I've Just Seen a Face
18%
With the Beatles I Wanna Be Your Man
18%
Revolver I Want to Tell You
18%
The Beatles I'm So Tired
15%
Long Tall Sally I Call Your Name
11%
Single The Inner Light
10%
Single I'll Get You
8%
Anthology 1 In Spite of All the Danger
3%
Anthology 2 If You've Got Trouble
2%
Live at the BBC I'll Be on My Way
0%
Rubber Soul I'm Only Looking Through You
0%
Aucun quiz correspondant
Distribution des résultats
% des personnes avec chaque résultat
Percentile par nombre de réponses
Votre historique - résultats
Vous n’avez pas pris ce quiz